[Event "Campeonato España Sub 16"]
[Site "Salobreña"]
[Date "2017.07.24"]
[Round "2"]
[White "Rodriguez Izquierdo, Luis"]
[Black "Rodriguez Lopez, David"]
[Result "1/2-1/2"]
[Board "20"]
[WhiteClock "1:30"]
[WhiteElo "2088"]
[WhiteCountry "ESP"]
[WhiteFideId "32051603"]
[WhiteEloChange "-4"]
[BlackClock "1:30"]
[BlackElo "1923"]
[BlackCountry "ESP"]
[BlackFideId "32005830"]
[BlackEloChange "4"]

1. e4 {[%clk 1:30:00]} e5 {[%clk 1:30:00]} 2. Nf3 {[%clk 1:31:00]} d6 {[%clk
1:31:00]} 3. Bc4 {[%clk 1:30:00]} Nf6 {[%clk 1:31:00]} 4. d3 {[%clk 1:25:00]} Be7
{[%clk 1:30:00]} 5. h3 {[%clk 1:25:00]} O-O {[%clk 1:30:00]} 6. Bb3 {[%clk
1:25:00]} Nc6 {[%clk 1:29:00]} 7. c3 {[%clk 1:24:00]} d5 {[%clk 1:27:00]} 8. exd5
{[%clk 1:21:00]} Nxd5 {[%clk 1:27:00]} 9. O-O {[%clk 1:21:00]} Bf5 {[%clk
1:19:00]} 10. Bc2 {[%clk 1:12:00]} Re8 {[%clk 1:16:00]} 11. Nbd2 {[%clk 1:08:00]}
Nf6 {[%clk 0:57:00]} 12. Ne4 {[%clk 1:07:00]} Nxe4 {[%clk 0:55:00]} 13. dxe4
{[%clk 1:08:00]} Qxd1 {[%clk 0:54:00]} 14. Rxd1 {[%clk 1:08:00]} Be6 {[%clk
0:55:00]} 15. Be3 {[%clk 1:02:00]} a6 {[%clk 0:50:00]} 16. Ng5 {[%clk 0:47:00]}
Bxg5 {[%clk 0:48:00]} 17. Bxg5 {[%clk 0:48:00]} f6 {[%clk 0:48:00]} 18. Be3
{[%clk 0:48:00]} Rad8 {[%clk 0:47:00]} 19. b3 {[%clk 0:44:00]} Kf7 {[%clk
0:45:00]} 20. Kf1 {[%clk 0:44:00]} g5 {[%clk 0:38:00]} 21. Ke2 {[%clk 0:42:00]}
Ne7 {[%clk 0:36:00]} 22. Rxd8 {[%clk 0:34:00]} Rxd8 {[%clk 0:36:00]} 23. Rd1
{[%clk 0:34:00]} Rxd1 {[%clk 0:36:00]} 24. Bxd1 {[%clk 0:35:00]} Ng6 {[%clk
0:35:00]} 25. Kf3 {[%clk 0:27:00]} Nf4 {[%clk 0:34:00]} 26. h4 {[%clk 0:24:00]}
h6 {[%clk 0:30:00]} 27. hxg5 {[%clk 0:23:00]} hxg5 {[%clk 0:28:00]} 28. Bd2
{[%clk 0:23:00]} a5 {[%clk 0:19:18]} 29. g3 {[%clk 0:22:00]} Nd3 {[%clk 0:17:14]}
30. Be3 {[%clk 0:20:00]} b6 {[%clk 0:16:15]} 31. Ke2 {[%clk 0:19:29]} Nc5 {[%clk
0:14:49]} 32. Bxc5 {[%clk 0:17:57]} bxc5 {[%clk 0:15:15]} 33. Kd2 {[%clk
0:16:39]} Ke7 {[%clk 0:15:23]} 34. Be2 {[%clk 0:16:28]} Bd7 {[%clk 0:14:31]} 35.
Bc4 {[%clk 0:14:47]} Kd6 {[%clk 0:14:16]} 36. Bd5 {[%clk 0:14:40]} Be8 {[%clk
0:14:32]} 37. Ke3 {[%clk 0:14:01]} Bg6 {[%clk 0:13:40]} 38. f4 {[%clk 0:12:52]}
Bh5 {[%clk 0:13:47]} 39. Bc4 {[%clk 0:12:32]} Be8 {[%clk 0:13:40]} 40. f5 {[%clk
0:11:50]} Bh5 {[%clk 0:13:37]} 41. Be6 {[%clk 0:11:11]} Kc6 {[%clk 0:13:38]} 42.
Kd3 {[%clk 0:10:13]} Bg4 {[%clk 0:12:32]} 43. Bf7 {[%clk 0:10:14]} Bd1 {[%clk
0:12:55]} 44. Be8+ {[%clk 0:09:32]} Kd6 {[%clk 0:10:13]} 45. Kd2 {[%clk 0:09:57]}
Bf3 {[%clk 0:10:37]} 46. Ke3 {[%clk 0:09:56]} Bd1 {[%clk 0:11:05]} 47. Bb5 {[%clk
0:10:14]} Bh5 {[%clk 0:11:21]} 48. Kf2 {[%clk 0:10:25]} Bf7 {[%clk 0:11:04]} 49.
g4 {[%clk 0:10:38]} c6 {[%clk 0:10:14]} 50. Bd3 {[%clk 0:09:11]} Kc7 {[%clk
0:09:47]} 51. Ke2 {[%clk 0:09:32]} Kb6 {[%clk 0:09:15]} 52. Kd2 {[%clk 0:09:55]}
Bg8 {[%clk 0:08:36]} 53. Kc2 {[%clk 0:10:18]} Bf7 {[%clk 0:08:28]} 54. Kb2 {[%clk
0:10:39]} Bg8 {[%clk 0:08:45]} 55. a3 {[%clk 0:08:47]} c4 {[%clk 0:07:30]} 56.
bxc4 {[%clk 0:06:42]} c5 {[%clk 0:07:48]} 57. Kb3 {[%clk 0:06:34]} Bf7 {[%clk
0:08:11]} 58. Be2 {[%clk 0:06:43]} Be8 {[%clk 0:08:31]} 59. Kc2 {[%clk 0:06:43]}
1/2-1/2

[Event "Campeonato España Sub 16"]
[Site "Salobreña"]
[Date "2017.07.24"]
[Round "2"]
[White "Garcia Gimenez, Santiago"]
[Black "Sosa Suarez, Carla Cristina"]
[Result "1-0"]
[Board "21"]
[WhiteClock "n/a"]
[WhiteElo "2064"]
[WhiteCountry "ESP"]
[WhiteFideId "32063350"]
[WhiteEloChange "6"]
[BlackClock "n/a"]
[BlackElo "1911"]
[BlackCountry "ESP"]
[BlackFideId "24536350"]
[BlackEloChange "-6"]

1. e4 {[%clk 1:30:30]} e6 {[%clk 1:30:30]} 2. d4 {[%clk 1:30:30]} d5 {[%clk
1:30:30]} 3. Nc3 {[%clk 1:30:30]} Be7 {[%clk 1:30:30]} 4. e5 {[%clk 1:30:30]} b6
{[%clk 1:30:30]} 5. Nf3 {[%clk 1:30:30]} Qd7 {[%clk 1:30:30]} 6. Bd3 {[%clk
1:30:30]} Ba6 {[%clk 1:30:30]} 7. O-O {[%clk 1:30:30]} c5 {[%clk 1:30:30]} 8. Bd2
{[%clk 1:30:30]} Bxd3 {[%clk 1:30:30]} 9. cxd3 {[%clk 1:30:30]} Nc6 {[%clk
1:30:30]} 10. dxc5 {[%clk 1:30:30]} Bxc5 {[%clk 1:30:30]} 11. Rc1 {[%clk
1:30:30]} Nge7 {[%clk 1:30:30]} 12. Na4 {[%clk 1:30:30]} Bb4 {[%clk 1:30:30]} 13.
Bxb4 {[%clk 1:30:30]} Nxb4 {[%clk 1:30:30]} 14. Nc3 {[%clk 1:30:30]} O-O {[%clk
1:30:30]} 15. d4 {[%clk 1:30:30]} a6 {[%clk 1:30:30]} 16. Qb3 {[%clk 1:30:30]}
Nbc6 {[%clk 1:30:30]} 17. Qxb6 {[%clk 1:30:30]} Rfb8 {[%clk 1:30:30]} 18. Qc5
{[%clk 1:30:30]} Rxb2 {[%clk 1:30:30]} 19. Qa3 {[%clk 1:30:30]} Rab8 {[%clk
1:30:30]} 20. Qxa6 {[%clk 1:30:30]} Nb4 {[%clk 1:30:30]} 21. Qa3 {[%clk 1:30:30]}
Nc2 {[%clk 1:30:30]} 22. Qa5 {[%clk 1:30:30]} Nc6 {[%clk 1:30:30]} 23. Qc5 {[%clk
1:30:30]} N6b4 {[%clk 1:30:30]} 24. Rb1 {[%clk 1:30:30]} Rc8 {[%clk 1:30:30]} 25.
Qd6 {[%clk 1:30:30]} Qxd6 {[%clk 1:30:30]} 26. exd6 {[%clk 1:30:30]} Nd3 {[%clk
1:30:30]} 27. Rxb2 {[%clk 1:30:30]} Nxb2 {[%clk 1:30:30]} 28. d7 {[%clk 1:30:30]}
Rd8 {[%clk 1:30:30]} 29. Rc1 {[%clk 1:30:30]} Nb4 {[%clk 1:30:30]} 30. Nxd5
{[%clk 1:30:30]} 1-0

[Event "Campeonato España Sub 16"]
[Site "Salobreña"]
[Date "2017.07.24"]
[Round "2"]
[White "Lopez Mijail, Nicolas"]
[Black "Garcia Jimenez, Santiago"]
[Result "0-1"]
[Board "22"]
[WhiteClock "1:30"]
[WhiteElo "1923"]
[WhiteCountry "ESP"]
[WhiteFideId "24513407"]
[WhiteEloChange "-7"]
[BlackClock "1:30"]
[BlackElo "2040"]
[BlackCountry "ESP"]
[BlackFideId "24543241"]
[BlackEloChange "7"]

1. e4 {[%clk 1:30:00]} e5 {[%clk 1:30:00]} 2. Nf3 {[%clk 1:31:00]} Nc6 {[%clk
1:31:00]} 3. Bb5 {[%clk 1:31:00]} a6 {[%clk 1:31:00]} 4. Ba4 {[%clk 1:32:00]} Nf6
{[%clk 1:31:00]} 5. O-O {[%clk 1:32:00]} Be7 {[%clk 1:32:00]} 6. Re1 {[%clk
1:32:00]} b5 {[%clk 1:32:00]} 7. Bb3 {[%clk 1:33:00]} O-O {[%clk 1:32:00]} 8. h3
{[%clk 1:33:00]} d6 {[%clk 1:32:00]} 9. c3 {[%clk 1:33:00]} Na5 {[%clk 1:33:00]}
10. Bc2 {[%clk 1:34:00]} c5 {[%clk 1:33:00]} 11. d4 {[%clk 1:34:00]} cxd4 {[%clk
1:33:00]} 12. cxd4 {[%clk 1:35:00]} Qc7 {[%clk 1:34:00]} 13. Nbd2 {[%clk
1:35:00]} Nc6 {[%clk 1:33:00]} 14. Nb3 {[%clk 1:35:00]} a5 {[%clk 1:32:00]} 15.
Be3 {[%clk 1:35:00]} a4 {[%clk 1:32:00]} 16. Nbd2 {[%clk 1:35:00]} Bd7 {[%clk
1:32:00]} 17. Rc1 {[%clk 1:36:00]} Qb7 {[%clk 1:32:00]} 18. a3 {[%clk 1:30:00]}
Rfc8 {[%clk 1:32:00]} 19. Qe2 {[%clk 1:28:00]} Bf8 {[%clk 1:32:00]} 20. Bd3
{[%clk 1:25:00]} Rab8 {[%clk 1:32:00]} 21. Rc2 {[%clk 0:53:00]} exd4 {[%clk
1:14:00]} 22. Nxd4 {[%clk 0:51:00]} Ne5 {[%clk 1:13:00]} 23. Rxc8 {[%clk
0:48:00]} Rxc8 {[%clk 1:05:00]} 24. Bxb5 {[%clk 0:40:00]} Bxb5 {[%clk 1:04:00]}
25. Qxb5 {[%clk 0:40:00]} Qxb5 {[%clk 1:03:00]} 26. Nxb5 {[%clk 0:40:00]} Nd3
{[%clk 1:03:00]} 27. Rb1 {[%clk 0:39:00]} Rc2 {[%clk 1:02:00]} 28. b3 {[%clk
0:39:00]} axb3 {[%clk 0:53:00]} 29. Rxb3 {[%clk 0:36:00]} Nc5 {[%clk 0:52:00]}
30. Rc3 {[%clk 0:32:00]} Ra2 {[%clk 0:44:00]} 31. e5 {[%clk 0:30:00]} Nd5 {[%clk
0:38:00]} 32. exd6 {[%clk 0:08:47]} Nxc3 {[%clk 0:35:00]} 33. Nxc3 {[%clk
0:08:01]} Ra1+ {[%clk 0:35:00]} 34. Ndb1 {[%clk 0:03:46]} Bxd6 {[%clk 0:35:00]}
35. Kf1 {[%clk 0:03:15]} Na4 {[%clk 0:29:00]} 36. Ke2 {[%clk 0:01:26]} Nxc3+
{[%clk 0:30:00]} 37. Nxc3 {[%clk 0:01:51]} Rxa3 {[%clk 0:30:00]} 38. Nb5 {[%clk
0:02:14]} Ra2+ {[%clk 0:30:00]} 39. Kd3 {[%clk 0:01:30]} Bb8 {[%clk 0:30:00]} 40.
Bd4 {[%clk 0:00:46]} f6 {[%clk 0:29:00]} 41. g3 {[%clk 0:01:01]} Kf7 {[%clk
0:28:00]} 42. Kc4 {[%clk 0:01:00]} h5 {[%clk 0:26:00]} 43. Kd5 {[%clk 0:01:26]}
f5 {[%clk 0:23:00]} 44. Nd6+ {[%clk 0:00:46]} Kg6 {[%clk 0:20:00]} 45. Ne8 {[%clk
0:00:54]} Rd2 {[%clk 0:19:45]} 46. Kc4 {[%clk 0:00:48]} Kf7 {[%clk 0:19:27]} 47.
Nxg7 {[%clk 0:01:01]} Rxd4+ {[%clk 0:19:44]} 48. Kxd4 {[%clk 0:01:27]} Kxg7
{[%clk 0:20:00]} 49. h4 {[%clk 0:01:30]} Kf6 {[%clk 0:20:00]} 50. Kd3 {[%clk
0:00:44]} Ke5 {[%clk 0:20:00]} 51. f3 {[%clk 0:00:50]} Kd5 {[%clk 0:20:00]} 52.
g4 {[%clk 0:00:40]} hxg4 {[%clk 0:20:00]} 53. fxg4 {[%clk 0:01:02]} fxg4 {[%clk
0:21:00]} 54. Ke3 {[%clk 0:01:23]} Ke5 {[%clk 0:20:00]} 55. Kf2 {[%clk 0:01:48]}
Kf4 {[%clk 0:02:13]} 56. h5 {[%clk 0:20:00]} Kg5 {[%clk 0:21:00]} 57. Kg2 {[%clk
0:02:31]} Kxh5 {[%clk 0:21:00]} 0-1

[Event "Campeonato España Sub 16"]
[Site "Salobreña"]
[Date "2017.07.24"]
[Round "2"]
[White "Torcal Miguel, Oscar"]
[Black "Gonzalez Serrato, Diego"]
[Result "0-1"]
[Board "23"]
[WhiteClock "1:29"]
[WhiteElo "2033"]
[WhiteCountry "ESP"]
[WhiteFideId "32025700"]
[WhiteEloChange "-14"]
[BlackClock "1:30"]
[BlackElo "1883"]
[BlackCountry "ESP"]
[BlackFideId "32069170"]
[BlackEloChange "14"]

1. e4 {[%clk 1:29:00]} c5 {[%clk 1:30:00]} 2. Nf3 {[%clk 1:30:00]} Nc6 {[%clk
1:31:00]} 3. d4 {[%clk 1:30:00]} cxd4 {[%clk 1:31:00]} 4. Nxd4 {[%clk 1:30:00]}
Nf6 {[%clk 1:32:00]} 5. Nc3 {[%clk 1:30:00]} e5 {[%clk 1:32:00]} 6. Ndb5 {[%clk
1:29:00]} d6 {[%clk 1:32:00]} 7. Bg5 {[%clk 1:28:00]} a6 {[%clk 1:32:00]} 8. Na3
{[%clk 1:28:00]} b5 {[%clk 1:32:00]} 9. Nd5 {[%clk 1:28:00]} Be7 {[%clk 1:33:00]}
10. Bxf6 {[%clk 1:28:00]} Bxf6 {[%clk 1:33:00]} 11. c4 {[%clk 1:27:00]} b4 {[%clk
1:33:00]} 12. Nc2 {[%clk 1:27:00]} O-O {[%clk 1:33:00]} 13. Ncxb4 {[%clk
1:21:00]} Nxb4 {[%clk 1:31:00]} 14. Nxb4 {[%clk 1:22:00]} Qb6 {[%clk 1:31:00]}
15. Qd2 {[%clk 1:19:00]} Rb8 {[%clk 1:28:00]} 16. Nc2 {[%clk 1:08:00]} Qxb2
{[%clk 1:27:00]} 17. Be2 {[%clk 1:07:00]} Bg5 {[%clk 1:13:00]} 18. Qd3 {[%clk
1:03:00]} d5 {[%clk 1:12:00]} 19. cxd5 {[%clk 0:57:00]} Bd7 {[%clk 1:11:00]} 20.
O-O {[%clk 0:45:00]} Rbc8 {[%clk 1:10:00]} 21. Ne3 {[%clk 0:40:00]} Bb5 {[%clk
1:06:00]} 22. Rfb1 {[%clk 0:35:00]} Qxe2 {[%clk 1:05:00]} 23. Qxe2 {[%clk
0:33:00]} Bxe2 {[%clk 1:06:00]} 24. Nf5 {[%clk 0:34:00]} Rb8 {[%clk 0:59:00]} 25.
Re1 {[%clk 0:33:00]} Bg4 {[%clk 0:59:00]} 26. Nd6 {[%clk 0:33:00]} Bd2 {[%clk
0:58:00]} 27. Reb1 {[%clk 0:32:00]} Bc3 {[%clk 0:57:00]} 28. Rxb8 {[%clk
0:32:00]} Rxb8 {[%clk 0:58:00]} 29. Rc1 {[%clk 0:33:00]} Bd2 {[%clk 0:57:00]} 30.
Ra1 {[%clk 0:32:00]} g6 {[%clk 0:56:00]} 31. f3 {[%clk 0:32:00]} Bd7 {[%clk
0:55:00]} 32. Nc4 {[%clk 0:32:00]} Bc3 {[%clk 0:55:00]} 33. Rd1 {[%clk 0:32:00]}
Bd4+ {[%clk 0:55:00]} 34. Kh1 {[%clk 0:32:00]} Ba4 {[%clk 0:55:00]} 35. Re1
{[%clk 0:32:00]} Rb4 {[%clk 0:45:00]} 36. Rc1 {[%clk 0:28:00]} Bb2 {[%clk
0:38:00]} 37. a3 {[%clk 0:29:00]} Bxc1 {[%clk 0:38:00]} 38. axb4 {[%clk 0:29:00]}
f6 {[%clk 0:36:00]} 39. Nb6 {[%clk 0:29:00]} Bb5 {[%clk 0:36:00]} 40. d6 {[%clk
0:29:00]} Kf7 {[%clk 0:36:00]} 41. d7 {[%clk 0:29:00]} Ke7 {[%clk 0:36:00]} 42.
Nd5+ {[%clk 0:29:00]} Kxd7 {[%clk 0:37:00]} 43. Nxf6+ {[%clk 0:30:00]} Ke7 {[%clk
0:36:00]} 44. Nxh7 {[%clk 0:30:00]} g5 {[%clk 0:36:00]} 45. g3 {[%clk 0:30:00]}
Kf7 {[%clk 0:36:00]} 46. h4 {[%clk 0:31:00]} gxh4 {[%clk 0:37:00]} 47. gxh4
{[%clk 0:31:00]} Kg7 {[%clk 0:37:00]} 0-1

[Event "Campeonato España Sub 16"]
[Site "Salobreña"]
[Date "2017.07.24"]
[Round "2"]
[White "Llados Clos, Jordi"]
[Black "Gillis Onieva, Celia"]
[Result "1-0"]
[Board "24"]
[WhiteClock "1:30"]
[WhiteElo "1895"]
[WhiteCountry "ESP"]
[WhiteFideId "32066350"]
[WhiteEloChange "14"]
[BlackClock "1:30"]
[BlackElo "2032"]
[BlackCountry "ESP"]
[BlackFideId "32092652"]
[BlackEloChange "-14"]

1. e4 {[%clk 1:30:00]} c5 {[%clk 1:30:00]} 2. d4 {[%clk 1:31:00]} cxd4 {[%clk
1:31:00]} 3. c3 {[%clk 1:31:00]} Nf6 {[%clk 1:31:00]} 4. e5 {[%clk 1:32:00]} Nd5
{[%clk 1:31:00]} 5. Nf3 {[%clk 1:32:00]} d6 {[%clk 1:30:00]} 6. cxd4 {[%clk
1:28:00]} e6 {[%clk 1:29:00]} 7. Bc4 {[%clk 1:27:00]} Nb6 {[%clk 1:29:00]} 8.
Bb5+ {[%clk 1:27:00]} Bd7 {[%clk 1:22:00]} 9. Bxd7+ {[%clk 1:25:00]} Qxd7 {[%clk
1:22:00]} 10. O-O {[%clk 1:25:00]} Be7 {[%clk 1:21:00]} 11. Nc3 {[%clk 1:25:00]}
O-O {[%clk 1:20:00]} 12. b3 {[%clk 1:18:00]} Nc6 {[%clk 1:15:00]} 13. Be3 {[%clk
1:07:00]} Rac8 {[%clk 1:08:00]} 14. Rc1 {[%clk 1:07:00]} dxe5 {[%clk 1:00:00]}
15. dxe5 {[%clk 1:07:00]} Qxd1 {[%clk 1:00:00]} 16. Rfxd1 {[%clk 1:06:00]} Ba3
{[%clk 0:58:00]} 17. Rb1 {[%clk 1:06:00]} Nxe5 {[%clk 0:57:00]} 18. Nxe5 {[%clk
1:05:00]} Rxc3 {[%clk 0:55:00]} 19. Bxb6 {[%clk 1:03:00]} axb6 {[%clk 0:55:00]}
20. Nd7 {[%clk 1:02:00]} Re8 {[%clk 0:51:00]} 21. Nxb6 {[%clk 1:02:00]} Rc2
{[%clk 0:50:00]} 22. Nc4 {[%clk 0:59:00]} Bc5 {[%clk 0:47:00]} 23. Rd2 {[%clk
0:59:00]} Rxd2 {[%clk 0:46:00]} 24. Nxd2 {[%clk 0:59:00]} Rd8 {[%clk 0:38:00]}
25. Nf3 {[%clk 0:41:00]} Kf8 {[%clk 0:29:00]} 26. Kf1 {[%clk 0:40:00]} Ke7 {[%clk
0:28:00]} 27. Ke2 {[%clk 0:40:00]} Bb4 {[%clk 0:26:00]} 28. Rc1 {[%clk 0:38:00]}
f6 {[%clk 0:25:00]} 29. Rc4 {[%clk 0:29:00]} Bd6 {[%clk 0:26:00]} 30. Nd4 {[%clk
0:26:00]} g5 {[%clk 0:19:19]} 31. h4 {[%clk 0:20:00]} h6 {[%clk 0:17:14]} 32.
hxg5 {[%clk 0:19:28]} hxg5 {[%clk 0:17:33]} 33. g3 {[%clk 0:19:21]} f5 {[%clk
0:15:53]} 34. Nf3 {[%clk 0:15:13]} g4 {[%clk 0:14:45]} 35. Nh4 {[%clk 0:10:32]}
b5 {[%clk 0:11:11]} 36. Rd4 {[%clk 0:09:29]} Bc5 {[%clk 0:07:45]} 37. Ng6+ {[%clk
0:07:46]} Ke8 {[%clk 0:08:09]} 38. Rxd8+ {[%clk 0:07:29]} Kxd8 {[%clk 0:08:33]}
39. Nf4 {[%clk 0:07:14]} Kd7 {[%clk 0:08:19]} 40. Nd3 {[%clk 0:07:34]} Bd6 {[%clk
0:08:27]} 41. a4 {[%clk 0:07:16]} bxa4 {[%clk 0:04:27]} 42. bxa4 {[%clk 0:07:34]}
Kc6 {[%clk 0:04:21]} 43. Ke3 {[%clk 0:06:05]} Kb6 {[%clk 0:02:43]} 44. f4 {[%clk
0:02:08]} Ka5 {[%clk 0:01:02]} 45. Kd4 {[%clk 0:01:30]} Kxa4 {[%clk 0:00:32]} 46.
Nc5+ {[%clk 0:01:40]} Kb5 {[%clk 0:00:54]} 47. Nxe6 {[%clk 0:01:47]} Kc6 {[%clk
0:00:35]} 48. Ng7 {[%clk 0:01:42]} Kd7 {[%clk 0:00:34]} 49. Nxf5 {[%clk 0:01:35]}
Bc7 {[%clk 0:00:40]} 50. Ne3 {[%clk 0:01:30]} Bxf4 {[%clk 0:01:10]} 1-0

[Event "Campeonato España Sub 16"]
[Site "Salobreña"]
[Date "2017.07.24"]
[Round "2"]
[White "Henderson de La Fuente, Andrea"]
[Black "Soto Martin, Miguel"]
[Result "1-0"]
[Board "25"]
[WhiteClock "1:30"]
[WhiteElo "2031"]
[WhiteCountry "ESP"]
[WhiteFideId "32096577"]
[WhiteEloChange "6"]
[BlackClock "1:30"]
[BlackElo "1881"]
[BlackCountry "ESP"]
[BlackFideId "32035195"]
[BlackEloChange "-6"]

1. e4 {[%clk 1:30:00]} e5 {[%clk 1:30:00]} 2. Nf3 {[%clk 1:31:00]} Nc6 {[%clk
1:31:00]} 3. Bb5 {[%clk 1:31:00]} Bc5 {[%clk 1:31:00]} 4. O-O {[%clk 1:31:00]}
Nge7 {[%clk 1:32:00]} 5. c3 {[%clk 1:30:00]} Bb6 {[%clk 1:32:00]} 6. d3 {[%clk
1:28:00]} O-O {[%clk 1:32:00]} 7. Re1 {[%clk 1:27:00]} d6 {[%clk 1:32:00]} 8.
Nbd2 {[%clk 1:24:00]} f5 {[%clk 1:30:00]} 9. Bc4+ {[%clk 1:21:00]} Kh8 {[%clk
1:31:00]} 10. b4 {[%clk 1:07:00]} Qe8 {[%clk 1:24:00]} 11. Nf1 {[%clk 0:57:00]}
fxe4 {[%clk 1:18:00]} 12. dxe4 {[%clk 0:57:00]} Bg4 {[%clk 1:18:00]} 13. Be2
{[%clk 0:56:00]} Ng6 {[%clk 1:13:00]} 14. a4 {[%clk 0:51:00]} a5 {[%clk 1:12:00]}
15. b5 {[%clk 0:51:00]} Nb8 {[%clk 1:08:00]} 16. Be3 {[%clk 0:47:00]} Nd7 {[%clk
1:08:00]} 17. Bxb6 {[%clk 0:43:00]} Nxb6 {[%clk 1:09:00]} 18. Nxe5 {[%clk
0:39:00]} Qxe5 {[%clk 1:06:00]} 19. Bxg4 {[%clk 0:40:00]} Qxc3 {[%clk 1:06:00]}
20. Bf5 {[%clk 0:33:00]} Ne7 {[%clk 1:01:00]} 21. Rc1 {[%clk 0:28:00]} Qb4 {[%clk
0:59:00]} 22. Rxc7 {[%clk 0:17:09]} Nxf5 {[%clk 0:36:00]} 23. exf5 {[%clk
0:16:48]} Rxf5 {[%clk 0:36:00]} 24. Ng3 {[%clk 0:13:01]} Rd5 {[%clk 0:35:00]} 25.
Qa1 {[%clk 0:13:01]} Rg8 {[%clk 0:35:00]} 26. Rxg7 {[%clk 0:13:01]} Qxe1+ {[%clk
0:35:00]} 27. Qxe1 {[%clk 0:13:01]} Rxg7 {[%clk 0:35:00]} 28. Nh5 {[%clk
0:13:01]} Rxh5 {[%clk 0:35:00]} 29. Qe8+ {[%clk 0:13:01]} Rg8 {[%clk 0:35:00]}
30. Qxh5 {[%clk 0:13:01]} Rg6 {[%clk 0:35:00]} 31. Qf3 {[%clk 0:13:01]} Kg8
{[%clk 0:35:00]} 32. Qxb7 {[%clk 0:13:01]} d5 {[%clk 0:35:00]} 33. h4 {[%clk
0:12:07]} Re6 {[%clk 0:36:00]} 34. f4 {[%clk 0:12:04]} d4 {[%clk 0:35:00]} 35. f5
{[%clk 0:11:59]} Rh6 {[%clk 0:35:00]} 36. Qe7 {[%clk 0:10:21]} d3 {[%clk
0:34:00]} 37. f6 {[%clk 0:10:46]} d2 {[%clk 0:34:00]} 38. Qg7# {[%clk 0:10:46]}
1-0

[Event "Campeonato España Sub 16"]
[Site "Salobreña"]
[Date "2017.07.25"]
[Round "3"]
[White "Garcia Sancho, Josep"]
[Black "Gines Esteo, Pedro Antonio"]
[Result "1/2-1/2"]
[Board "1"]
[WhiteClock "n/a"]
[WhiteElo "2092"]
[WhiteCountry "ESP"]
[WhiteFideId "32010168"]
[WhiteEloChange "7"]
[BlackClock "n/a"]
[BlackTitle "FM"]
[BlackElo "2375"]
[BlackCountry "ESP"]
[BlackFideId "32080190"]
[BlackEloChange "-7"]

1. d4 {[%clk 1:30:30]} d5 {[%clk 1:30:30]} 2. Nc3 {[%clk 1:30:30]} c6 {[%clk
1:30:30]} 3. Bf4 {[%clk 1:30:30]} Nf6 {[%clk 1:30:30]} 4. Nf3 {[%clk 1:30:30]}
Bf5 {[%clk 1:30:30]} 5. Qd2 {[%clk 1:30:30]} e6 {[%clk 1:30:30]} 6. Ne5 {[%clk
1:30:30]} Nbd7 {[%clk 1:30:30]} 7. f3 {[%clk 1:30:30]} Nxe5 {[%clk 1:30:30]} 8.
Bxe5 {[%clk 1:30:30]} Nd7 {[%clk 1:30:30]} 9. Bf4 {[%clk 1:30:30]} Bb4 {[%clk
1:30:30]} 10. g4 {[%clk 1:30:30]} Bg6 {[%clk 1:30:30]} 11. e3 {[%clk 1:30:30]}
Qa5 {[%clk 1:30:30]} 12. h4 {[%clk 1:30:30]} h5 {[%clk 1:30:30]} 13. a3 {[%clk
1:30:30]} hxg4 {[%clk 1:30:30]} 14. fxg4 {[%clk 1:30:30]} Be4 {[%clk 1:30:30]}
15. Rh2 {[%clk 1:30:30]} Nb6 {[%clk 1:30:30]} 16. Bc7 {[%clk 1:30:30]} Bxc3
{[%clk 1:30:30]} 17. Qxc3 {[%clk 1:30:30]} Qxc3+ {[%clk 1:30:30]} 18. bxc3 {[%clk
1:30:30]} Kd7 {[%clk 1:30:30]} 19. Bxb6 {[%clk 1:30:30]} axb6 {[%clk 1:30:30]}
20. c4 {[%clk 1:30:30]} Ra4 {[%clk 1:30:30]} 21. cxd5 {[%clk 1:30:30]} Bxd5
{[%clk 1:30:30]} 22. h5 {[%clk 1:30:30]} f6 {[%clk 1:30:30]} 23. Bd3 {[%clk
1:30:30]} b5 {[%clk 1:30:30]} 24. Kd2 {[%clk 1:30:30]} Bc4 {[%clk 1:30:30]} 25.
Bxc4 {[%clk 1:30:30]} bxc4 {[%clk 1:30:30]} 26. Kc3 {[%clk 1:30:30]} b5 {[%clk
1:30:30]} 27. Rh3 {[%clk 1:30:30]} c5 {[%clk 1:30:30]} 28. dxc5 {[%clk 1:30:30]}
Kc6 {[%clk 1:30:30]} 29. Rg1 {[%clk 1:30:30]} Rxa3+ {[%clk 1:30:30]} 30. Kd4
{[%clk 1:30:30]} Rd8+ {[%clk 1:30:30]} 31. Ke4 {[%clk 1:30:30]} Rd5 {[%clk
1:30:30]} 32. h6 {[%clk 1:30:30]} Re5+ {[%clk 1:30:30]} 33. Kd4 {[%clk 1:30:30]}
gxh6 {[%clk 1:30:30]} 34. Rf1 {[%clk 1:30:30]} Rd5+ {[%clk 1:30:30]} 35. Ke4
{[%clk 1:30:30]} f5+ {[%clk 1:30:30]} 36. gxf5 {[%clk 1:30:30]} exf5+ {[%clk
1:30:30]} 37. Rxf5 {[%clk 1:30:30]} Rxf5 {[%clk 1:30:30]} 38. Kxf5 {[%clk
1:30:30]} Kxc5 {[%clk 1:30:30]} 39. Ke4 {[%clk 1:30:30]} Rc3 {[%clk 1:30:30]} 40.
Rh2 {[%clk 1:30:30]} b4 {[%clk 1:30:30]} 41. Rh5+ {[%clk 1:30:30]} Kb6 {[%clk
1:30:30]} 42. Rxh6+ {[%clk 1:30:30]} Ka5 {[%clk 1:30:30]} 43. Rh2 {[%clk
1:30:30]} b3 {[%clk 1:30:30]} 44. cxb3 {[%clk 1:30:30]} cxb3 {[%clk 1:30:30]} 45.
Kd4 {[%clk 1:30:30]} Rc8 {[%clk 1:30:30]} 46. e4 {[%clk 1:30:30]} Rb8 {[%clk
1:30:30]} 47. Rb2 {[%clk 1:30:30]} Kb4 {[%clk 1:30:30]} 48. e5 {[%clk 1:30:30]}
Rd8+ {[%clk 1:30:30]} 49. Ke4 {[%clk 1:30:30]} Rd1 {[%clk 1:30:30]} 50. e6 {[%clk
1:30:30]} Kc3 {[%clk 1:30:30]} 51. Re2 {[%clk 1:30:30]} Rd2 {[%clk 1:30:30]} 52.
Re3+ {[%clk 1:30:30]} Kc4 {[%clk 1:30:30]} 53. Kf5 {[%clk 1:30:30]} b2 {[%clk
1:30:30]} 54. Re1 {[%clk 1:30:30]} Rf2+ {[%clk 1:30:30]} 55. Kg5 {[%clk 1:30:30]}
Re2 {[%clk 1:30:30]} 56. Rb1 {[%clk 1:30:30]} Kd5 {[%clk 1:30:30]} 57. e7 {[%clk
1:30:30]} Rxe7 {[%clk 1:30:30]} 58. Rxb2 {[%clk 1:30:30]} 1/2-1/2

[Event "Campeonato España Sub 16"]
[Site "Salobreña"]
[Date "2017.07.25"]
[Round "3"]
[White "Guerra Rivera, Salvador"]
[Black "Garcia Gimenez, Santiago"]
[Result "1-0"]
[Board "2"]
[WhiteClock "1:27"]
[WhiteTitle "FM"]
[WhiteElo "2362"]
[WhiteCountry "ESP"]
[WhiteFideId "32096542"]
[WhiteEloChange "3"]
[BlackClock "1:30"]
[BlackElo "2064"]
[BlackCountry "ESP"]
[BlackFideId "32063350"]
[BlackEloChange "-3"]

1. d4 {[%clk 1:28:00]} Nf6 {[%clk 1:30:00]} 2. Bf4 {[%clk 1:28:00]} d5 {[%clk
1:30:00]} 3. e3 {[%clk 1:28:00]} e6 {[%clk 1:29:00]} 4. Nd2 {[%clk 1:26:00]} Be7
{[%clk 1:29:00]} 5. Bd3 {[%clk 1:24:00]} Nbd7 {[%clk 1:29:00]} 6. Ngf3 {[%clk
1:24:00]} O-O {[%clk 1:29:00]} 7. Ne5 {[%clk 1:19:00]} Re8 {[%clk 1:22:00]} 8. h4
{[%clk 1:11:00]} Nxe5 {[%clk 1:22:00]} 9. dxe5 {[%clk 1:11:00]} Nd7 {[%clk
1:22:00]} 10. Qh5 {[%clk 1:09:00]} Nf8 {[%clk 1:22:00]} 11. Rh3 {[%clk 1:03:00]}
c5 {[%clk 1:18:00]} 12. c3 {[%clk 0:59:00]} c4 {[%clk 1:16:00]} 13. Bc2 {[%clk
0:59:00]} b5 {[%clk 1:16:00]} 14. Rg3 {[%clk 0:56:00]} g6 {[%clk 1:15:00]} 15.
Nf3 {[%clk 0:38:00]} Qc7 {[%clk 0:58:00]} 16. Qh6 {[%clk 0:36:00]} Bb7 {[%clk
0:55:00]} 17. h5 {[%clk 0:34:00]} Bc5 {[%clk 0:42:00]} 18. Bg5 {[%clk 0:27:00]}
Nd7 {[%clk 0:40:00]} 19. hxg6 {[%clk 0:27:00]} fxg6 {[%clk 0:39:00]} 20. Bxg6
{[%clk 0:26:00]} hxg6 {[%clk 0:39:00]} 21. Qxg6+ {[%clk 0:26:00]} Kf8 {[%clk
0:39:00]} 22. Bf6 {[%clk 0:26:00]} Nxf6 {[%clk 0:38:00]} 23. exf6 {[%clk
0:26:00]} 1-0